| 000 | 00510nam a2200157 i 4500 | ||
|---|---|---|---|
| 001 | 21482 | ||
| 003 | ES-MaACL | ||
| 005 | 20230906152503.0 | ||
| 007 | t| | ||
| 008 | 021126s1972 sp ||||1| spa d | ||
| 100 | 1 |
_aAlbert Berenguer, Isidro. _919320 |
|
| 245 | 1 | 0 |
_aGrabado religioso popular en la provincia de Alicante / _cIsidro Albert Berenguer. |
| 260 |
_aAlicante : _bCaja de Ahorros Provincial de Alicante, _c1972. |
||
| 300 |
_a106 p., 4 h. con lám. ; _c22 cm. |
||
| 852 |
_aES-MaACL _jC-48786 _bR.84493 |
||
| 999 |
_c21482 _d21482 |
||